| 000 | 03283nam a2200241Ia 4500 | ||
|---|---|---|---|
| 003 | Ost | ||
| 005 | 20260507075257.0 | ||
| 008 | 260507s9999||||xx |||||||||||||| ||und|| | ||
| 040 | _cfsecg | ||
| 041 | _aara | ||
| 082 | _a330 | ||
| 100 |
_aعوض الله، زينب حسين _eمؤلف |
||
| 245 | 0 |
_aأساسيات علم الاقتصاد : _bمدخل لدراسة أصول الاقتصاد السياسي / _c زينب حسين عوض الله |
|
| 260 |
_aالاسكندرية: _bدار الجامة الجديدة, _c2006 |
||
| 300 |
_a599 صفحة؛ _bإيضاحات ؛ _c24 سم |
||
| 520 | _aمفهوم المشكلة الاقتصادية للمجتمعات الانسانية ( تحليل لعوامل نشأتها و طبيعة الحاجات و الموارد المتقابلة في نطاقها )، مقومات حل المشكلة الاقتصادية و الطبيعة الاجتماعية لعملية الحل بمراعاة التأثيرات الناتجة عن النظم الاقتصادية السائدة و النطاق الموضوعي للاقتصاد السياسي و انبثاق الموضوعات الشاغلة لاهتمامات الاقتصاديين من عناصر المشكلة الاقتصادية ، الطبيعة المزدوجة للدراسة في مجال الاقتصاد السياسي و مدى استحقاقه للمقومات الاساسية في وصف العلم ، عناصر الانتاج المتطلبة لقيام المشروع الاقتصادي بانتاج السلع و الخدمات الانتاجية و الاستهلاكية و بحث قوانين الغلة و النفقة ذات العلاقة بالاوجه الفنية للانتاج باعتبار العمليات الانتاجية قضية اقتصادية و فنية ، الطلب و العرض كمتغيرين اقتصاديين رئيسيين و تأثير القوانين الاقتصادية الحاكمة لهما على قرارات و تصرفات المستهلكين و المنتجين ، السوق الرأسمالي و التخطيط الاشتراكي و كيفية تحديد أثمان المنتجات في النماذج المتعارف عليها للأسواق الرأسمالية ( الاثمان كمحدد لسياسة المشروع الانتاجية و كيفية تحديد أثمان خدمات عناصر الانتاج وفقا للآليات المتعارف عليها بالاسواق ،الاثمان و دورها في الاهتداء لمؤشرات موضوعية تكفل سلامة تخصص الموارد الاقتصادية فيما بين أوجه الانتاج و التوزيع و الاستهلاك في النظام الاقتصادي للاشتراكية و أخيرا الاقتصاد السياسي و معالم التطورات و التحولات المستجدة على ساحة النظم و التنظيمات الاقتصادية المتعلقة بالاستمرار الاقتصادي للمجتمعات المعاصرة . | ||
| 653 | _aالاقتصاد | ||
| 653 | _aالاقتصاد السياسي | ||
| 653 | _aالمشكلات الإقتصادية | ||
| 653 | _aعلم الإقتصاد | ||
| 700 |
_aحشيش، عادل أحمد _eمؤلف ثانوي |
||
| 942 | _cكتاب | ||
| 999 |
_c43763 _d43763 |
||